000 00581nam a2200205Ia 4500
005 20250508161630.0
008 008 250505s9999 xx 000 0 eng d
020 _a0-8157 7751-5
037 _aTextual
040 _aFEDL
_beng
_cFEDL
041 _aeng
_2eng
084 _a336.73, SCH
_qFEDL
100 _aSchultze Charles L.
245 0 _aPolitics and economics of public spending
260 _aWashington, USA
_bThe Brookings Institution
_c1968
300 _aviii,143p.
650 _aEconomics
942 _cTEXL
_h336.73, SCH
999 _c1371230
_d1371230